| 000 | 00621nam a2200181Ia 4500 | ||
|---|---|---|---|
| 008 | 100920s9999 xx 000 0 und d | ||
| 082 |
_b83603 _a24 न 02 |
||
| 100 | _aशर्मा श्यामसुंदर. | ||
| 245 | _a51 विज्ञान मॉडेल. | ||
| 260 |
_bविद्याविहार प्रकाशन,नई दिल्ली. _c2002 |
||
| 300 |
_a131 _bसाधी |
||
| 365 | _b150 | ||
| 520 | _aसायो. | ||
| 630 | _a51 विज्ञान मॉडेल. | ||
| 650 | _aसायो. | ||
| 730 | _a51 विज्ञान मॉडेल. | ||
| 942 | _cBOOK | ||
| 999 |
_c724219 _d724216 |
||